[Event "IECG TE.2003.P.01207 email"]
[Site "IECG email"]
[Date "2003.08.18"]
[Round "?"]
[White "Portal, Angel"]
[Black "Lahiri, Santanu"]
[Result "1-0"]
[WhiteElo "755"]
[BlackElo "2136"]
[PlyCount "25"]
[EventDate "2003.08.18"]
[EventType "tourn (corr)"]
[EventRounds "8"]
[SourceTitle "Corr 2008"]
[Source "ChessBase"]
[SourceDate "2008.06.24"]
[SourceVersion "1"]
[SourceVersionDate "2008.06.24"]
[SourceQuality "1"]

1. e4 d5 2. exd5 Qxd5 3. Nc3 Qd6 4. d4 Nf6 5. Nf3 a6 6. Be2 Bf5 7. 0-0 e6 8. Re1 Be7 9. Nh4 Bg6 10. Nxg6 hxg6 11. Bf3 Qxh2+ 12. Kf1 c6 13. Ke2 1-0

[Event "IECG CA.2003.0.00087 email"]
[Site "IECG email"]
[Date "2003.03.16"]
[Round "?"]
[White "Lahiri, Santanu"]
[Black "Cade, Stephen"]
[Result "1/2-1/2"]
[WhiteElo "2136"]
[BlackElo "2040"]
[PlyCount "146"]
[EventDate "2003.03.16"]
[EventType "tourn (corr)"]
[EventRounds "6"]
[SourceTitle "Corr 2008"]
[Source "ChessBase"]
[SourceDate "2008.06.24"]
[SourceVersion "1"]
[SourceVersionDate "2008.06.24"]
[SourceQuality "1"]

1. d4 Nf6 2. c4 e6 3. Nc3 Bb4 4. Qc2 c5 5. dxc5 0-0 6. a3 Bxc5 7. Nf3 b6 8. Bf4 Bb7 9. Rd1 Nc6 10. e3 Rc8 11. Be2 Be7 12. 0-0 d6 13. Nb5 Ne8 14. b4 a6 15. Nc3 Qc7 16. e4 Nf6 17. Rd2 Ne5 18. Nxe5 dxe5 19. Be3 Rfd8 20. Rfd1 Rxd2 21. Rxd2 Rd8 22. Rxd8+ Qxd8 23. f3 Bc6 24. Na4 Nd7 25. c5 b5 26. Nc3 Bg5 27. Bxg5 Qxg5 28. Qd3 Qc1+ 29. Nd1 Qa1 30. Kf1 Qd4 31. Ne3 Qxd3 32. Bxd3 Kf8 33. a4 Nb8 34. axb5 Bxb5 35. Ke2 Nc6 36. Nc2 Ba4 37. Kd2 Bxc2 38. Bxc2 Nxb4 39. Ba4 Ke7 40. Kc3 a5 41. Kc4 Kd8 42. Kb5 Kc7 43. Kxa5 Nd3 44. g3 Ne1 45. Bd1 Kc6 46. Kb4 Nd3+ 47. Kc3 Nf2 48. Ba4+ Kxc5 49. Be8 f5 50. exf5 exf5 51. Bd7 g6 52. Be6 e4 53. Kd2 exf3 54. Ke3 Ne4 55. Bg8 Nf6 56. Ba2 Ng4+ 57. Kxf3 Nxh2+ 58. Kf4 Kd6 59. Bg8 Ke7 60. Kg5 Nf3+ 61. Kf4 Ng1 62. g4 Nh3+ 63. Kg3 Ng5 64. gxf5 gxf5 65. Kh4 Kf6 66. Kh5 h6 67. Kxh6 f4 68. Bd5 Kf5 69. Kh5 Ne4 70. Kh4 f3 71. Kh3 Kf4 72. Bc6 Ke3 73. Bb7 Ng5+ 1/2-1/2

[Event "IECC CL1-2002.09"]
[Site "IECC email"]
[Date "2002.04.24"]
[Round "?"]
[White "Nagley, Tim"]
[Black "Lahiri, Santanu"]
[Result "1-0"]
[WhiteElo "2192"]
[BlackElo "2374"]
[PlyCount "55"]
[EventDate "2002.??.??"]
[EventType "tourn (corr)"]
[EventRounds "4"]
[SourceTitle "Corr 2008"]
[Source "ChessBase"]
[SourceDate "2008.06.24"]
[SourceVersion "1"]
[SourceVersionDate "2008.06.24"]
[SourceQuality "1"]

1. e4 c5 2. c3 d6 3. d4 Nf6 4. Bd3 Nc6 5. Nf3 Bg4 6. d5 Bxf3 7. Qxf3 Ne5 8. Bb5+ Ned7 9. 0-0 g6 10. Bg5 Bg7 11. Nd2 a6 12. Be2 0-0 13. Qf4 b5 14. a4 c4 15. Ra3 Nc5 16. Rfa1 bxa4 17. Bxf6 Bxf6 18. Nxc4 Qc7 19. Qf3 Bg7 20. Bd1 f5 21. Bxa4 fxe4 22. Qe3 Rab8 23. Bc6 Qc8 24. b4 Nd3 25. Qxe4 Nf4 26. f3 Rf7 27. R1a2 g5 28. Rxa6 1-0